Two supreme court judgments on the fairness of elections in India (Record no. 528707)
[ view plain ]
| 000 -LEADER | |
|---|---|
| fixed length control field | 01315nam a22001337a 4500 |
| 008 - FIXED-LENGTH DATA ELEMENTS--GENERAL INFORMATION | |
| fixed length control field | 250103b ||||| |||| 00| 0 eng d |
| 100 ## - MAIN ENTRY--PERSONAL NAME | |
| Personal name | Jha, Satish K. |
| 245 ## - TITLE STATEMENT | |
| Title | Two supreme court judgments on the fairness of elections in India |
| 260 ## - PUBLICATION, DISTRIBUTION, ETC. (IMPRINT) | |
| Place of publication, distribution, etc | Indian Journal of Public Administration |
| 300 ## - PHYSICAL DESCRIPTION | |
| Extent | 70(4), Dec, 2024: p.935-941 |
| 520 ## - SUMMARY, ETC. | |
| Summary, etc | The commentary looks at the two landmark judgements delivered by the Supreme Court in recent months on the electoral process in India which is the lifelines of liberal democracy. The judgements deal with the appointment of CEC and other election commissioners along with the funding of elections. In the Anoop Baranwal case, The Supreme Court has tried to insulate the election commission from control of the government of the day in order to make it a neutral institution. In the Electoral Bond case, the court has tried to create a level playing field among political contestants during the election. But the judgements have not been able to plug all holes in the electoral process as many lacunae remains. The judgements of the Supreme Court will go a long way in ensuring free and fair election in India.- Reproduced https://journals.sagepub.com/doi/full/10.1177/00195561241277 |
| 773 ## - HOST ITEM ENTRY | |
| Main entry heading | Indian Journal of Public Administration |
| 942 ## - ADDED ENTRY ELEMENTS (KOHA) | |
| Item type | Articles |
| Withdrawn status | Lost status | Source of classification or shelving scheme | Damaged status | Not for loan | Permanent location | Current location | Date acquired | Serial Enumeration / chronology | Barcode | Date last seen | Koha item type |
|---|---|---|---|---|---|---|---|---|---|---|---|
| Indian Institute of Public Administration | Indian Institute of Public Administration | 2025-01-03 | 70(4), Dec, 2024: p.935-941 | AR134902 | 2025-01-03 | Articles |
